|
|
|
|
| LEADER |
00654nab a2200193 i 4500 |
| 001 |
publ23298 |
| 005 |
20220126113659.0 |
| 008 |
220126s2021 hu o 0|| Magyar d |
| 022 |
|
|
|a 0237-7284
|
| 024 |
7 |
|
|a 32599246
|2 mtmt
|
| 040 |
|
|
|a SZTE Publicatio Repozitórium
|b hun
|
| 041 |
|
|
|a Magyar
|
| 100 |
1 |
|
|a Varga Norbert
|
| 245 |
1 |
0 |
|a Egy választottbírósági eljárás kartelljogi relevanciái
|h [elektronikus dokumentum] /
|c Varga Norbert
|
| 260 |
|
|
|c 2021
|
| 300 |
|
|
|a 29-37
|
| 490 |
0 |
|
|a JOGTÖRTÉNETI SZEMLE
|v 19 No. 4
|
| 650 |
|
4 |
|a Jogtudomány
|
| 856 |
4 |
0 |
|u http://publicatio.bibl.u-szeged.hu/23298/1/MAJT_Jogtorteneti_Szemle_202104.pdf
|z Dokumentum-elérés
|